000
00331nam a2200157Ia 4500
100
_a
Phillips/joseph
650
_a
Information technology
250
_a
2
942
_c
BK
654
_a
it
245
_a
IT Project Management
260
_b
Tata Mc Graw hill
_c
2004
082
_a
5.15
_b
PHI
300
_a
549
546
_a
ENGLISH
999
_c
20920
_d
20920